Score 0/22 Timer 07:00
0 Plays Today
% Correct
Peanut 花生 huāshēng
81.1%
Ginger 薑 jiāng
80%
Papaya 木瓜 mùguā
73.7%
Quail egg 鵪鶉蛋 ānchúndàn
73.7%
Silkie chicken 烏骨雞 wūgǔjī
64.2%
Jujube 紅棗 hóngzǎo
56.8%
Rock sugar 冰糖 bīngtáng
32.6%
Apricot kernel 北杏, 南杏 běixìng, nánxìng
31.6%
Goji berry 枸杞子 gǒuqǐzǐ
28.4%
Lotus seed 蓮子 liánzǐ
24.2%
Dried tangerine peel 陳皮 chénpí
24.2%
% Correct
Mung bean 綠豆 lǜdòu
22.1%
Lotus root 蓮藕 liánǒu
20%
Black wood ear fungus 木耳 mùěr
16.8%
Ginkgo nut 銀杏 yínxìng
14.7%
Brown slab sugar 片糖 piàntáng
13.7%
Tofu skin 腐皮 fǔpí
13.7%
Job's tears 薏米 yìmǐ
12.6%
Monk fruit 羅漢果 luóhànguǒ
12.6%
Snow ear fungus 雪耳 xuěěr
11.6%
Dried longan 龍眼肉 lóngyǎnròu
10.5%
Winter melon 冬瓜 dōngguā
8.4%
Remove Ads.
Support Sporcle.
Get the best of Sporcle when you Go Orange. This ad-free experience offers more features, more stats, and more fun while also helping to support Sporcle. Thank you for becoming a member.

You're not logged in!

Compare scores with friends on all Sporcle quizzes.
OR
Log In

Sporcle TV

Today on Sporcle TV


Watch our educational content, quiz creation guides, and fun videos on Sporcle TV.

Show Comments

Extras

Top Quizzes Today


Score Distribution

Paid Content

Your Account Isn't Verified!

In order to create a playlist on Sporcle, you need to verify the email address you used during registration. Go to your Sporcle Settings to finish the process.

Report this User

Report this user for behavior that violates our Community Guidelines.

Details: